000 00337nam a2200133Ia 4500
008 240624s9999 xx 000 0 und d
041 _aeng
082 _a658.4038 LUC
100 _aLUCAS HENRY C
245 _aINFORMATION TECHNOLOGY STRATEGIC DECISIO
260 _c2009
_aNew Delhi
_bWiley India
300 _a461 : p.
365 _cRS
_b27
999 _c15368
_d15368